Protein interactions
Salvato in:
| Autore principale: | |
|---|---|
| Natura: | Libro |
| Lingua: | inglese |
| Pubblicazione: |
Nueva York
Chapman and Hall
1992
|
| Soggetti: | |
| Tags: |
Aggiungi Tag
Nessun Tag, puoi essere il primo ad aggiungerne!!
|
MARC
| LEADER | 00000cam a2200000 a 4500 | ||
|---|---|---|---|
| 001 | UCU0292 | ||
| 003 | CL-VaPUC | ||
| 008 | 960322e19920000US |||||||||||||||||eng|d | ||
| 082 | 0 | 4 | |a 572.6 |b WEB |2 21 |
| 100 | 0 | |a Weber, Gregorio |e author |9 355326 | |
| 245 | 1 | 0 | |a Protein interactions |
| 300 | |a 293 p | ||
| 942 | |c BK | ||
| 945 | |d 19960322 00:00:00 |a rleighto | ||
| 260 | |a Nueva York |b Chapman and Hall |c 1992 | ||
| 650 | 7 | |a FUNDAMENTOS DE TERMODINAMICA |2 CL-VaPUC |9 355327 | |
| 650 | 0 | |a Química |9 259896 | |
| 650 | 7 | |a PROTEINAS |2 CL-VaPUC |9 355328 | |
| 583 | |a last modification |c 20160505 01:46:18 |k Rodrigo Vera | ||
| 999 | |c 245164 |d 245162 | ||
| 952 | |0 0 |1 0 |4 0 |6 572_600000000000000_WEB_1992 |7 0 |8 A |9 259589 |a BIBCUR |b BIBCUR |d 2019-11-19 |i 3183181 |l 2 |o 572.6 WEB 1992 |p 3183181 |r 2025-04-22 |s 2025-04-10 |w 2019-11-19 |y BK |k BCB | ||
| 952 | |0 0 |1 0 |4 0 |6 572_600000000000000_WEB_1992 |7 0 |8 A |9 259590 |a BIBCUR |b BIBCUR |d 2019-11-19 |i 318319K |o 572.6 WEB 1992 |p 318319K |r 2025-04-22 |w 2019-11-19 |y BK |k BCB | ||
| 952 | |0 0 |1 0 |3 erb |4 0 |6 572_600000000000000_WEB_1992 |7 0 |8 A |9 259591 |a BIBCUR |b BIBCUR |i 5285038 |o 572.6 WEB 1992 |p 5285038 |r 2025-04-22 |w 2019-11-19 |y BK |z Catalogado en:20160505 |k QUI | ||